Statystyki dla Quiz o Ekwadorze

Kliknij tutaj aby rozwiązać quiz!

Ogólne statystyki

  • Ten quiz został rozwiązany 732 razy
  • Średni wynik to 12 z 21

Statystyki odpowiedzi

WskazówkaOdpowiedź% Poprawnych
Oficjalny językhiszpański
97%
Państwa graniczące z EkwadoremKolumbia
90%
Państwa graniczące z EkwadoremPeru
90%
StolicaQuito
90%
Pasmo górskie przebiegające przez EkwadorAndy
89%
Linia szerokości geograficznej, na której leży EkwadorRównik
83%
Archipelag wysp położony 906 km na zachód od ląduGalapagos
75%
Imperium Ameryki Południowej, które
podbiło współczesny Ekwador w 1400 roku
Imperium {Inków}
75%
Wschodnia część Ekwadoru jest częścią tego lasu deszczowegoAmazonia
66%
Ekwador jest największym na świecie eksporterem tego owocuBanany
64%
WalutaDolar amerykański
58%
72% Ekwadorczyków to _____, czyli
mieszanka pochodzenia hiszpańskiego i indiańskiego pochodzenia
(w komentarzach dajcie jakiś pomysł jak to inaczej sformuować}
Metysi
51%
Lek przeciwmalaryczny wytwarzany z chinowca, narodowego drzewa EkwadoruChinina
46%
Naukowiec, który odwiedził te wyspy na pokładzie HMS BeagleKarol Darwin
44%
Styl kapelusza, który pochodzi z Ekwadoru,
ale jego nazwa pochodzi od innego kraju
Panama
38%
Ptak występujący na herbieKondor wielki
36%
Najczęściej używany język ojczystykichwa
34%
Najbardziej zaludniony obszar zurbanizowany w EkwadorzeGuayaquil
28%
Gatunki, które wyginęły, gdy Lonesome George zmarł w 2012 rokuŻółw olbrzymi
27%
Gatunek legwana zasiedlający tylko na tych wyspachLegwan {morski}
25%
Najwyższa góra na świecie (mierzona od środka Ziemi)Chimborazo
21%

Rozkład punktacji

Percentyl według liczby udzielonych odpowiedzi

Procent ludzi z każdym wynikiem

Twoja historia wyników

Nie rozwiązałeś tego quizu